<?xml version="1.0" encoding="UTF-8"?>
<record
    xmlns:xsi="http://www.w3.org/2001/XMLSchema-instance"
    xsi:schemaLocation="http://www.loc.gov/MARC21/slim http://www.loc.gov/standards/marcxml/schema/MARC21slim.xsd"
    xmlns="http://www.loc.gov/MARC21/slim">

  <leader>00732nab a22001697i 4500</leader>
  <controlfield tag="003">KOSZ 005</controlfield>
  <controlfield tag="005">20170222134321.0</controlfield>
  <controlfield tag="008">160308s2010        ||||| ||||0|| ||eng </controlfield>
  <datafield tag="035" ind1=" " ind2=" ">
    <subfield code="a">PBN-R:251210</subfield>
  </datafield>
  <datafield tag="040" ind1=" " ind2=" ">
    <subfield code="c">KOSZ 005/md</subfield>
    <subfield code="a">PBN-ID</subfield>
  </datafield>
  <datafield tag="041" ind1="0" ind2=" ">
    <subfield code="a">eng</subfield>
  </datafield>
  <datafield tag="100" ind1=" " ind2=" ">
    <subfield code="a">BORKOWSKI, Przemys&#x142;aw.</subfield>
    <subfield code="d">1996 - 2013.</subfield>
    <subfield code="b">Politechnika Koszali&#x144;ska -  Instytut Niekonwencjonalnych Technologii Hydrostrumieniowych,</subfield>
  </datafield>
  <datafield tag="245" ind1="1" ind2="0">
    <subfield code="a">A novel technique for spatial objects shaping with high-pressure abrasive water jet /</subfield>
    <subfield code="c">Przemys&#x142;aw Borkowski.</subfield>
  </datafield>
  <datafield tag="260" ind1=" " ind2=" ">
    <subfield code="c">2010.</subfield>
  </datafield>
  <datafield tag="773" ind1=" " ind2=" ">
    <subfield code="i">W:</subfield>
    <subfield code="t">Strojniski Vestnik Journal of Mechanical Engineering. -</subfield>
    <subfield code="x">0039-2480</subfield>
    <subfield code="d">Assoc. Mechanical Engineers Technicians Slovenia</subfield>
    <subfield code="g">2010, nr 56 (5), s. 287-294.</subfield>
  </datafield>
  <datafield tag="942" ind1=" " ind2=" ">
    <subfield code="c">ART</subfield>
    <subfield code="2">UKD</subfield>
  </datafield>
  <datafield tag="999" ind1=" " ind2=" ">
    <subfield code="c">7871</subfield>
    <subfield code="d">7871</subfield>
  </datafield>
</record>
